| 000 | 00704nam a2200241Ia 4500 | ||
|---|---|---|---|
| 005 | 20260430150645.0 | ||
| 008 | 008 250103s9999 xx 000 0 eng d | ||
| 037 | _aTheses | ||
| 040 | _aCRL | ||
| 040 | _beng | ||
| 040 | _ceng | ||
| 041 | _2eng | ||
| 041 | _aeng | ||
| 084 | _qCRL | ||
| 100 |
_aCheshta Au.; Sharma Anjana Gu. _91238126 |
||
| 245 | 3 | _aAn Analysis of Selected Works of the Russian First Wave Émigré Writer Gaito Gazdanov a Movement from Nostalgia to Adaptation | |
| 260 | _c2023 | ||
| 300 | _a126p. | ||
| 650 | _aArts | ||
| 700 |
_aUniversity of Delhi. Faculty of Arts. Deptt. of Slavonic & Finno- Ugrian Studies _91237311 |
||
| 942 | _cTH | ||
| 999 |
_c1850318 _d1850318 |
||